000
00259nam a2200097Ia 4500
001
1207155
005
20251017101311.0
008
250824s9999 xx 000 0 und d
245
0
_a
EŞKIYA İNİNDE
_c
HÜSEYİN RAHMİ GÜRPINAR
260
_b
EVEREST YAYINLARI
999
_c
1207155
_d
1207155